000 00693nam a2200193 a 4500
008 070709s1994 ||||||||||||||||| || u
050 _aIBRD(06)DP/1994/5
110 _aWorld Bank
245 1 0 _aEast Asia's trade and investment
260 _aWashington, D.C.
_bWorld Bank
_c1994
300 _axiii, 101p.
350 _a0.00
490 _aDevelopment in practice
650 _aFOREIGN TRADE--EAST ASIA
650 _aEAST ASIA--ECONOMIC POLICY
650 _aINVESTMENTS--ASIA, EAST
650 _aEAST ASIA--ECONOMIC CONDITIONS
995 _D0.00
_FCBU-MAIN LIBRARY (Kitwe)
_H1
_I0.00
_UAVAILABLE
_WJul 9, 2007
_ZInternational Publications
999 _c40670
_d40670